| 000 | 00577nam a2200181 i 4500 | ||
|---|---|---|---|
| 001 | 55653 | ||
| 003 | ES-MaACL | ||
| 005 | 20230906163204.0 | ||
| 007 | t| | ||
| 008 | 030924s1964 sp ||||1| spa d | ||
| 100 | 1 |
_aDessauer, Friedrich. _943941 |
|
| 245 | 1 | 0 |
_aDiscursión sobre la técnica / _cFriedrich Dessauer ; [versión española por Alvaro Soriano y Lucio García Ortega]. |
| 260 |
_aMadrid : _bRialp, _c1964. |
||
| 300 |
_a492 p. ; _c24 cm. |
||
| 700 | 1 |
_aSoriano, Alvaro. _9107374 |
|
| 700 | 1 |
_aGarcía Ortega, Lucio. _955061 |
|
| 852 |
_aES-MaACL _jC-25599 _bR.54314 |
||
| 999 |
_c55653 _d55653 |
||